000 00779cam a2200253 a 4500
008
020 _a0723609276
_c(pbk) :
049 _aMAIN
090 _aRC71
_bOGI
100 1 _aOgilvie, Colin.
245 1 0 _aChamberlain's Symptoms and signs in clinical medicine :
_ban introduction to medical diagnosis/
_cColin Ogilvie , Christopher C. Evans.
250 _a11th ed.
260 _aBristol :
_bWright,
_c1987.
300 _axi, 590 p. :
_bill. (some col.) ;
_c24 cm.
500 _aPrevious ed.: 1980.
500 _aIncludes index.
650 0 _aDiagnosis.
700 1 _aEvans, Christopher C.
907 _a.b10334154
_b23-07-13
_c16-07-13
003
005 20230120204129.0
040 _cNUST
942 _cBOOKS
_kRC71
_mOGI
999 _c117684
_d117684